MARC

LEADER 00000cam a2200000 7i4500
001 0000276748
005 20210603095413.0
006 a ###g ###
007 t
008 210602 my a g may
020 |a 9789834616366 
040 |a MBPJ   |b eng   |c MBPJ   |e rda 
090 0 0 |a 796.35507   |b SUK 
245 0 0 |a SUKAN HOKI :   |b SEKOLAH MENENGAH 
264 1 |a Kuala Lumpur :   |b Dewan Bahasa dan Pustaka   |c 2019 
264 4 |c ©2019 
300 |a 53 pages :   |b illustrations ;   |c 23 cm. 
336 |a still image  |2 rdacontent 
336 |a text  |2 rdacontent 
337 |a unmediated  |2 rdamedia 
338 |a volume  |2 rdacarrier 
490 0 |a MODUL LATIHAN SUKAN UNTUK KELAB SUKAN SEKOLAH 
650 0 |a Hockey   |x Study and teaching 
650 0 |a Sports   |x Study and teaching 
710 0 |a Malaysia. Kementerian Pendidikan. Bahagian Pendidikan Guru 
710 0 |a Malaysia. Kementerian Pendidikan. Bahagian Sukan 
999 |a 00387095   |b BUKU   |c PINJAMAN   |e PERPUSTAKAAN KOMUNITI PETALING JAYA